Sociology (Record no. 1416)

000 -LEADER
fixed length control field 00505nam a22002057a 4500
001 - CONTROL NUMBER
control field 1416
003 - CONTROL NUMBER IDENTIFIER
control field BD-DhUET
008 - FIXED-LENGTH DATA ELEMENTS--GENERAL INFORMATION
fixed length control field 140907b xxu||||| |||| 00| 0 eng d
020 ## - INTERNATIONAL STANDARD BOOK NUMBER
International Standard Book Number 9780073125817
040 ## - CATALOGING SOURCE
Transcribing agency 0
Modifying agency BD-DhUET
082 ## - DEWEY DECIMAL CLASSIFICATION NUMBER
Classification number 301
Item number SCH/2007
100 ## - MAIN ENTRY--PERSONAL NAME
Personal name Schaefer, Richard T.
245 ## - TITLE STATEMENT
Title Sociology
Statement of responsibility, etc. by Richard T. Schaefer
250 ## - EDITION STATEMENT
Edition statement 10th ed.
260 ## - PUBLICATION, DISTRIBUTION, ETC. (IMPRINT)
Place of publication, distribution, etc. New York:
Name of publisher, distributor, etc. McGraw-Hill,
Date of publication, distribution, etc. 2007.
300 ## - PHYSICAL DESCRIPTION
Extent xxxiv,542p.
504 ## - BIBLIOGRAPHY, ETC. NOTE
Bibliography, etc Includes bibliographies
650 #0 - SUBJECT ADDED ENTRY--TOPICAL TERM
Topical term or geographic name as entry element Sociology
942 ## - ADDED ENTRY ELEMENTS (KOHA)
Koha item type General Book
Holdings
Price effective from Withdrawn status Copy number Koha date last borrowed Source of classification or shelving scheme Location (home branch) Sublocation or collection (holding branch) Date acquired Koha normalized classification for sorting Koha issues (times borrowed) Piece designation (barcode) Lost status Not for loan Koha item type Koha date last seen Shelving location Koha full call number Damaged status
2014-09-07 12023-06-18 Central Library, BUETCentral Library, BUET2014-09-07301SCH20076103379  General Book2026-01-18Circulation section301/SCH/2007 
2014-09-07 22023-06-06 Central Library, BUETCentral Library, BUET2014-09-07301SCH20076103377  General Book2023-11-18Circulation section301/SCH/2007 
2014-09-07 32024-05-26 Central Library, BUETCentral Library, BUET2014-09-07301SCH20079103378  General Book2024-06-03Circulation section301/SCH/2007